Catálogo

PUEBLA UNA HISTORIA COMPARTIDA (Registro nro. 42848)

Detalles MARC
000 -LEADER
fixed length control field 00929nam a2200205 a 4500
001 - CONTROL NUMBER
control field 42848
005 - DATE AND TIME OF LATEST TRANSACTION
control field 20180714021159.0
008 - FIXED-LENGTH DATA ELEMENTS--GENERAL INFORMATION
fixed length control field 140415s1993 mx 000 0 spa d
020 ## - INTERNATIONAL STANDARD BOOK NUMBER
International Standard Book Number 9686382852
041 ## - LANGUAGE CODE
Language code of text/sound track or separate title spa
082 ## - DEWEY DECIMAL CLASSIFICATION NUMBER
Classification number 972.48
Item number PUE
245 00 - TITLE STATEMENT
Title PUEBLA UNA HISTORIA COMPARTIDA
250 ## - EDITION STATEMENT
Edition statement 1a ed.
260 ## - PUBLICATION, DISTRIBUTION, ETC.
Place of publication, distribution, etc. MEXICO :
Name of publisher, distributor, etc. UNIVERSIDAD AUTONOMA DE PUEBLA,
Date of publication, distribution, etc. 1993
300 ## - PHYSICAL DESCRIPTION
Extent 473
Dimensions x 13.6 x 21
490 ## - SERIES STATEMENT
Series statement PUEBLA
500 ## - GENERAL NOTE
General note COLECCIÓN PUEBLA
520 ## - SUMMARY, ETC.
Summary, etc. ESTE LIBRO CUYO OBJETIVO HA SIDO RECUPERAR LAS HISTORIAS DE LAS ENTIDADES FEDERATIVAS CON LA FIRME INTENCION DE CONTRIBUIR AL FORTALECIMIENTO DE LA CONCIENCIA HISTORICA REGIONAL UNA DE LAS MOTIVACIONES MAS FUERTES PARA SU REALIZACION HAN SIDO INSTRUMENTOS DE EXPLORACION AL PASADO DECIMONONICO CON EL PROPOSITO DE REAFIRMAR EL SENTIDO DE PERTENENCIA DE LOS POBLANOS A UN AMBITO LOCAL Y NACIONAL.
650 14 - SUBJECT ADDED ENTRY--TOPICAL TERM
Topical term or geographic name entry element PUEBLA (CIUDAD)
General subdivision HISTORIA
Existencias
Withdrawn status Lost status Source of classification or shelving scheme Damaged status Not for loan Collection code Home library Current library Shelving location Date acquired Source of acquisition Inventory number Total Checkouts Full call number Barcode Date last seen Price effective from Koha item type
    Dewey Decimal Classification   Consulta en sala Puebla Biblioteca Karol Wojtyla Biblioteca Karol Wojtyla Área de silencio 03/12/2013 Compra 151000000000000000073285   972.48 PUE 1993 64591 05/01/2026 26/10/2015 Libro